000 00642nam a2200205Ia 4500
003 GCL
008 140319s9999 xx 000 0 ara d
040 _aGCL /
_cGCL
082 0 4 _a822.008
_bش م
100 1 _aمحمد عنانى
245 1 0 _aالملك لير /
_cمحمد عنانى
700 1 _aشكسبير، ويليام
260 _aالقاهرة :
_bالهيئة المصرية العامة للكتاب ،
_c1996
300 _a273 ص ؛
_c24 سم
490 _aوليم شكسبير
_v0
650 0 4 _aالادب
650 0 4 _aالادب الانجليزى
650 0 4 _aالمسرح الانجليزى
942 _2ddc
_cBK
999 _c49990
_d49990